Paroles - Les anges dans nos campagnes - Statistiques

Statistiques générales
  • Ce quiz a été pris 188 fois
  • Le résultat moyen est 75 sur 144
Statistiques - réponses
Mots % Correct
a
100%
à
100%
d'
100%
l'
100%
anges
99%
le
99%
Les
99%
les
99%
nos
99%
de
98%
campagnes
97%
dans
97%
des
93%
en
88%
Ont
85%
Gloria
84%
cieux,
82%
chant
81%
Et
81%
et
81%
hymne
80%
in
79%
Deo
77%
ce
76%
entonné
73%
montagnes
68%
mélodieux
65%
écho
64%
excelsis
59%
Redit
43%
la
40%
est
31%
qui
31%
Qui
31%
Bergers,
28%
Du
26%
Ils
26%
pour
24%
que
24%
ces
23%
jour
23%
tous
21%
cette
19%
chants ?
17%
Chantent
16%
ses
16%
vous
16%
Quel
15%
fête ?
14%
quelle
13%
cris
12%
naissance
12%
cœurs
11%
Israël
11%
leurs
11%
objet
11%
sous
11%
vos
11%
conquête
10%
village
10%
annoncent
9%
heureux
9%
vainqueur,
9%
vu
9%
hommage
8%
pleins
8%
reconnaissance
8%
solennel :
8%
triomphants :
8%
lui
7%
Mérite
7%
naître
7%
voix :
7%
libérateur
5%
tendre
5%
toits
5%
musettes
4%
Offrons-
4%
Unissez-
4%
airs
3%
Cherchons
3%
quittez
3%
retraites,
3%
concerts,
2%
tendres
2%
Fassent
1%
retentir
1%
Aucun quiz correspondant
Distribution des résultats
% des personnes avec chaque résultat
Percentile par nombre de réponses
Votre historique - résultats
Vous n’avez pas pris ce quiz